Neuorientierung im Produktionsmanagement. Lean Production für die europäische Kraftfahrzeugindustrie?
Problematická situácia európskeho automobilového priemyslu a faktory konkurenčnej sily japonského automobilového priemyslu. Zmena paradigmy vo výrobnom manažmente - od riadenia oddelení k riadeniu procesov, od orientácie na funkcie k orientácii na objekty, od plánovania činností k plánovaniu výsledk...
Saved in:
| Main Author: | |
|---|---|
| Other Authors: | |
| Format: | Book Chapter |
| Language: | German |
| Subjects: | |
| Tags: |
No Tags, Be the first to tag this record!
|
MARC
| LEADER | 00000naa a2200000 4500 | ||
|---|---|---|---|
| 001 | r010689 | ||
| 005 | 20221130112910.4 | ||
| 041 | 0 | |a ger | |
| 044 | |a DE | ||
| 245 | 1 | 0 | |a Neuorientierung im Produktionsmanagement. |b Lean Production für die europäische Kraftfahrzeugindustrie? |c H.J. Bullinger, U.A. Seidel |
| 520 | |a Problematická situácia európskeho automobilového priemyslu a faktory konkurenčnej sily japonského automobilového priemyslu. Zmena paradigmy vo výrobnom manažmente - od riadenia oddelení k riadeniu procesov, od orientácie na funkcie k orientácii na objekty, od plánovania činností k plánovaniu výsledkov, od odborných kompetencií k sociálnym, atď. Nové formy organizácie práce. Koncepcia integrovanej podnikovej organizácie. | ||
| 610 | 2 | 0 | |a výroba štíhla |
| 610 | 2 | 0 | |a riadenie výroby |
| 610 | 2 | 0 | |a priemysel automobilový |
| 610 | 2 | 0 | |a Európa |
| 610 | 2 | 0 | |a Japonsko |
| 610 | 2 | 0 | |a organizácia práce |
| 610 | 2 | 0 | |a organizácia podniku |
| 100 | 1 | |a Bullinger, H.J. | |
| 700 | 1 | |a Seidel, U.A. | |